Los estudios de ingenieros agrónomos. (Record no. 61027)

MARC details
000 -LEADER
campo de control de longitud fija 00499nam a2200169 i 4500
001 - NÚMERO DE CONTROL
campo de control 61027
003 - IDENTIFICADOR DE NÚMERO DE CONTROL
campo de control ES-MaACL
007 - CAMPO FIJO DE DESCRIPCIÓN FÍSICA--INFORMACIÓN GENERAL
campo de control de longitud fija t|
008 - DATOS DE LONGITUD FIJA--INFORMACIÓN GENERAL
campo de control de longitud fija 031110s1981 sp ||||1| spa d
245 04 - MENCIÓN DEL TÍTULO
Título Los estudios de ingenieros agrónomos.
260 ## - PUBLICACIÓN, DISTRIBUCIÓN, ETC.
Lugar de publicación, distribución, etc. Madrid :
Nombre del editor, distribuidor, etc. Fundación Universidad Empresa,
Fecha de publicación, distribución, etc. 1981.
300 ## - DESCRIPCIÓN FÍSICA
Extensión 118, LIII p. ;
Dimensiones 24 cm.
490 1# - MENCIÓN DE SERIE
Mención de serie Monografias profesionales ;
Designación de volumen o secuencia 16
830 0# - PUNTO DE ACCESO ADICIONAL DE SERIE-TÍTULO UNIFORME
Título uniforme Monografias profesionales ;
Designación de volumen o secuencia 16
9 (RLIN) 182734
852 ## - LOCALIZACIÓN
Ubicación ES-MaACL
Número de control de estantería L-913
Sublocalización o colección R.101639
Holdings
Estatus retirado Estado de pérdida Estado de daño No para préstamo Biblioteca de origen Biblioteca actual Ubicación en estantería Fecha de adquisición Fuente de adquisición Total de préstamos Signatura topográfica completa Código de barras Visto por última vez Precio de reemplazo Tipo de ítem Koha
        Biblioteca del Ateneo de Madrid Biblioteca del Ateneo de Madrid Depósito 2 17/01/2008     L-913 1063995 23/02/2023 23/02/2023 Libro impreso